<?xml version="1.0" encoding="UTF-8"?>
<record
    xmlns:xsi="http://www.w3.org/2001/XMLSchema-instance"
    xsi:schemaLocation="http://www.loc.gov/MARC21/slim http://www.loc.gov/standards/marcxml/schema/MARC21slim.xsd"
    xmlns="http://www.loc.gov/MARC21/slim">

  <leader>01362nam0a22002651  4500</leader>
  <controlfield tag="001">rc\3159068</controlfield>
  <controlfield tag="005">20260406211902.0</controlfield>
  <datafield tag="021" ind1=" " ind2=" ">
    <subfield code="a">RU</subfield>
    <subfield code="b">&#x420;&#x433;967-77</subfield>
  </datafield>
  <datafield tag="035" ind1=" " ind2=" ">
    <subfield code="a">(NLR Aleph) 007301200</subfield>
  </datafield>
  <datafield tag="090" ind1=" " ind2=" ">
    <subfield code="a">5712154</subfield>
    <subfield code="c">5712154</subfield>
  </datafield>
  <datafield tag="100" ind1=" " ind2=" ">
    <subfield code="a">20120615d1976    |||y0rusy50      ca</subfield>
  </datafield>
  <datafield tag="101" ind1="0" ind2=" ">
    <subfield code="a">rus</subfield>
  </datafield>
  <datafield tag="102" ind1=" " ind2=" ">
    <subfield code="a">RU</subfield>
  </datafield>
  <datafield tag="105" ind1=" " ind2=" ">
    <subfield code="a">a   b   |||||</subfield>
  </datafield>
  <datafield tag="200" ind1="1" ind2=" ">
    <subfield code="a">&#x421;&#x440;&#x435;&#x434;&#x441;&#x442;&#x432;&#x430; &#x43E;&#x431;&#x440;&#x430;&#x431;&#x43E;&#x442;&#x43A;&#x438; &#x438;&#x43D;&#x444;&#x43E;&#x440;&#x43C;&#x430;&#x446;&#x438;&#x438; &#x438; &#x444;&#x43E;&#x440;&#x43C;&#x438;&#x440;&#x43E;&#x432;&#x430;&#x43D;&#x438;&#x44F; &#x441;&#x438;&#x433;&#x43D;&#x430;&#x43B;&#x43E;&#x432; &#x443;&#x43F;&#x440;&#x430;&#x432;&#x43B;&#x435;&#x43D;&#x438;&#x44F; - &#x43A;&#x43E;&#x43C;&#x43F;&#x43B;&#x435;&#x43A;&#x441; &#x44D;&#x43B;&#x435;&#x43A;&#x442;&#x440;&#x438;&#x447;&#x435;&#x441;&#x43A;&#x438;&#x445; &#x430;&#x43D;&#x430;&#x43B;&#x43E;&#x433;&#x43E;&#x432;&#x44B;&#x445; &#x441;&#x440;&#x435;&#x434;&#x441;&#x442;&#x432; &#x440;&#x435;&#x433;&#x443;&#x43B;&#x438;&#x440;&#x43E;&#x432;&#x430;&#x43D;&#x438;&#x44F; &#x413;&#x421;&#x41F; &#x432; &#x43C;&#x438;&#x43A;&#x440;&#x43E;&#x44D;&#x43B;&#x435;&#x43A;&#x440;&#x43E;&#x43D;&#x43D;&#x43E;&#x43C; &#x438;&#x441;&#x43F;&#x43E;&#x43B;&#x43D;&#x435;&#x43D;&#x438;&#x438; "&#x410;&#x41A;&#x42D;&#x421;&#x420;"</subfield>
    <subfield code="e">&#x41A;&#x430;&#x442;&#x430;&#x43B;&#x43E;&#x436;&#x43D;&#x44B;&#x435; &#x43E;&#x43F;&#x438;&#x441;&#x430;&#x43D;&#x438;&#x44F;</subfield>
    <subfield code="f">&#x41C;-&#x432;&#x43E; &#x43F;&#x440;&#x438;&#x431;&#x43E;&#x440;&#x43E;&#x441;&#x442;&#x440;&#x43E;&#x435;&#x43D;&#x438;&#x44F;, &#x441;&#x440;&#x435;&#x434;&#x441;&#x442;&#x432; &#x430;&#x432;&#x442;&#x43E;&#x43C;&#x430;&#x442;&#x438;&#x437;&#x430;&#x446;&#x438;&#x438; &#x438; &#x441;&#x438;&#x441;&#x442;&#x435;&#x43C; &#x443;&#x43F;&#x440;. &#x421;&#x421;&#x421;&#x420;. &#x421;&#x43E;&#x44E;&#x437;&#x43F;&#x440;&#x43E;&#x43C;&#x43F;&#x440;&#x438;&#x431;&#x43E;&#x440;</subfield>
  </datafield>
  <datafield tag="210" ind1=" " ind2=" ">
    <subfield code="a">[&#x41C;&#x43E;&#x441;&#x43A;&#x432;&#x430;]</subfield>
    <subfield code="c">&#x41D;&#x418;&#x418; - &#x422;&#x435;&#x43F;&#x43B;&#x43E;&#x43F;&#x440;&#x438;&#x431;&#x43E;&#x440;</subfield>
    <subfield code="d">[1976]</subfield>
  </datafield>
  <datafield tag="215" ind1=" " ind2=" ">
    <subfield code="a">116 &#x441;.</subfield>
    <subfield code="c">&#x438;&#x43B;.</subfield>
    <subfield code="d">31</subfield>
  </datafield>
  <datafield tag="311" ind1=" " ind2=" ">
    <subfield code="a">&#x41F;&#x440;&#x438;&#x43B;.: &#x414;&#x43E;&#x43F;&#x43E;&#x43B;&#x43D;&#x435;&#x43D;&#x438;&#x435;., [1977]</subfield>
  </datafield>
  <datafield tag="421" ind1=" " ind2="0">
    <subfield code="1">1010#$arus</subfield>
    <subfield code="1">2001#$a&#x414;&#x43E;&#x43F;&#x43E;&#x43B;&#x43D;&#x435;&#x43D;&#x438;&#x435;</subfield>
    <subfield code="1">210##$d[1977]</subfield>
    <subfield code="1">215##$a7 &#x43B;.</subfield>
    <subfield code="t">&#x414;&#x43E;&#x43F;&#x43E;&#x43B;&#x43D;&#x435;&#x43D;&#x438;&#x435;</subfield>
  </datafield>
  <datafield tag="712" ind1="0" ind2="2">
    <subfield code="a">&#x41D;&#x418;&#x418; &#x442;&#x435;&#x43F;&#x43B;&#x43E;&#x44D;&#x43D;&#x435;&#x440;&#x433;&#x435;&#x442;&#x438;&#x447;&#x435;&#x441;&#x43A;&#x43E;&#x433;&#x43E; &#x43F;&#x440;&#x438;&#x431;&#x43E;&#x440;&#x43E;&#x441;&#x442;&#x440;&#x43E;&#x435;&#x43D;&#x438;&#x44F;</subfield>
    <subfield code="c">&#x41C;&#x43E;&#x441;&#x43A;&#x432;&#x430;</subfield>
    <subfield code="3">RU\NLR\AUTH\889969126</subfield>
    <subfield code="9">434619</subfield>
  </datafield>
  <datafield tag="801" ind1=" " ind2="0">
    <subfield code="a">RU</subfield>
    <subfield code="b">NLR</subfield>
    <subfield code="g">psbo</subfield>
  </datafield>
  <datafield tag="801" ind1=" " ind2="1">
    <subfield code="a">RU</subfield>
    <subfield code="b">ELAR</subfield>
    <subfield code="2">rusmarc</subfield>
  </datafield>
  <datafield tag="852" ind1=" " ind2=" ">
    <subfield code="a">NLR</subfield>
    <subfield code="j">&#x41F;&#x442;40.4/177</subfield>
  </datafield>
  <datafield tag="942" ind1=" " ind2=" ">
    <subfield code="c">BOOK</subfield>
  </datafield>
  <datafield tag="980" ind1=" " ind2=" ">
    <subfield code="a">NB</subfield>
  </datafield>
  <datafield tag="995" ind1=" " ind2=" ">
    <subfield code="5">2013-10-26</subfield>
    <subfield code="b">NLR01</subfield>
    <subfield code="c">NLR01</subfield>
    <subfield code="e">NTD</subfield>
    <subfield code="f">7301200-10</subfield>
    <subfield code="k">&#x41F;&#x442;40.4/177</subfield>
    <subfield code="o">0</subfield>
    <subfield code="r">BOOK</subfield>
    <subfield code="s">404177_</subfield>
  </datafield>
</record>
